Giới thiệu tác phẩm "Hai sách lược của Đảng dân chủ xã hội trong cách mạng dân chủ"

Tài liệu nghiên cứu sâu sắc và luận chứng toàn diện chiến lược và sách lược của những người Bôn-sê-vích trong thời kỳ Cách mạng Nga lần thứ nhất. Tài liệu đã đưa ra những luận điểm cơ bản về sách lược cách mạng của Đảng Cộng sả...

全面介紹

Đã lưu trong:
書目詳細資料
格式: 圖書
語言:Undetermined
出版: [Hà Nội]
主題:
標簽: 添加標簽
沒有標簽, 成為第一個標記此記錄!
Thư viện lưu trữ: Trung tâm Học liệu Trường Đại học Cần Thơ
LEADER 01142nam a2200157Ia 4500
001 CTU_153575
008 210402s9999 xx 000 0 und d
082 |a 335.43 
082 |b Gi462 
245 0 |a Giới thiệu tác phẩm "Hai sách lược của Đảng dân chủ xã hội trong cách mạng dân chủ" 
260 |a [Hà Nội] 
520 |a Tài liệu nghiên cứu sâu sắc và luận chứng toàn diện chiến lược và sách lược của những người Bôn-sê-vích trong thời kỳ Cách mạng Nga lần thứ nhất. Tài liệu đã đưa ra những luận điểm cơ bản về sách lược cách mạng của Đảng Cộng sản, qua đó tháng 10/1917 giai cấp công nhân liên minh với giai cấp nông dân nghèo đã chiến thắng chủ nghĩa tư bản và thiết lập nền chuyên chính vô sản. 
650 |a Communist parties,Communism,Communism and philosophy 
650 |z Russia 
904 |i Bạch Trúc 
980 |a Trung tâm Học liệu Trường Đại học Cần Thơ